[Event "81st ARM-ch 1st League 2021"]
[Site "Yerevan"]
[Date "2021.01.27"]
[Round "6.7"]
[White "Babujian, Levon"]
[Black "Barseghyan, Armen Ar."]
[Result "1-0"]
[WhiteElo "2440"]
[BlackElo "2362"]
[Annotator "TA"]
[PlyCount "159"]
[EventDate "2021.01.20"]
[EventType "tourn"]
[EventCountry "ARM"]
[SourceTitle "playchess.com"]
[Source "ChessBase"]
[SourceQuality "1"]

{[%evp 19,159,25,54,64,60,7,7,0,32,23,52,0,31,-15,0,-12,0,0,0,5,16,0,0,0,0,-25,0,0,0,0,0,-3,0,0,0,0,0,-6,0,-3,-3,-39,-39,-71,-71,-71,-57,-75,0,-11,-14,-81,-82,-162,-10,-2,0,0,0,0,0,0,15,15,15,0,0,0,33,24,28,18,26,18,21,31,159,150,175,175,165,137,118,110,279,298,451,448,457,462,532,550,533,533,532,531,480,302,331,317,566,565,543,544,518,511,765,765,759,756,737,708,721,707,12835,12836,12836,12837,12837,12837,12838,12839,12839,12839,12840,12839,12839,12839,12839,12839,12840,12841,12841,12841,12842,12843,12840,12840,12845,12846,29987,29988]} 1. c4 Nf6 2. Nc3 c5 3. g3 g6 4. Bg2 Bg7 5. e3 O-O 6. Nge2 d6 7. O-O Nc6 8. d4 Bd7 9. b3 a6 10. Bb2 Rb8 11. dxc5 {E61: King's Indian: Early deviations for White, including Smyslov System.} dxc5 12. Na4 (12. Nf4 $14) 12... b6 $1 $11 13. Nf4 {The position is equal.} e6 14. Qe2 Qc7 {[#]} 15. Rac1 $146 ({White should try} 15. Nd3 $14) ({Predecessor:} 15. Nd3 Bc8 16. Rad1 Bb7 17. Rd2 Rbd8 18. Rfd1 Rd7 19. f4 Rfd8 20. Ne5 Rxd2 21. Rxd2 Rxd2 22. Qxd2 {1-0 (42) Dolezal,R (2375)-Ksana,V (2106) Teplice 2013}) 15... Rfd8 16. h4 h5 17. Rfd1 Ne7 18. Nd3 {Black must now prevent Be5.} Ng4 19. Bxg7 Kxg7 20. Qb2+ Kg8 21. Nc3 Bc6 22. Ne4 Bxe4 23. Bxe4 Rd7 24. Nf4 Rbd8 25. Rxd7 Qxd7 26. Qc2 Ne5 27. a3 N7c6 28. Kf1 Na5 29. Qb2 Ng4 30. Rb1 Qd2 {Threatens to win with ...Nxb3!} 31. Ne2 Qxb2 32. Rxb2 Rd1+ $1 33. Kg2 f5 (33... Ne5 $17) 34. Bb1 Ne5 35. Nf4 (35. Nc3 $11 {keeps the balance.} Rc1 36. Ne2) 35... Kf7 $1 $17 36. e4 (36. Ne2 $17 {was called for.}) 36... b5 $2 (36... Nac6 $19 37. exf5 gxf5) 37. exf5 $11 exf5 38. cxb5 axb5 39. b4 Nac4 {[%mdl 64] Double Attack} 40. Ba2 Kf6 41. Bxc4 Nxc4 {[%mdl 4096] Endgame KRN-KRN} 42. Re2 {Re6+ is the strong threat.} (42. Ra2 {is interesting.} cxb4 43. axb4 Rd6 44. Ra8 Nb6 45. Rg8) 42... cxb4 43. axb4 {Hoping for Re6+.} Kf7 44. Ra2 Rd2 45. Ra7+ Kf6 46. Ra6+ Rd6 47. Ra8 Rd2 {[#]} ({Black should play} 47... Nb6 $14 48. Rg8 Kf7) 48. Rf8+ $1 $16 Kg7 {[#]} 49. Ne6+ Kh7 50. Rf7+ Kh8 51. Rb7 Ne3+ $2 {This move loses the game for Black.} (51... Ne5 $16) 52. Kf3 $18 Ng4 (52... Nd5 $142 53. Rxb5 Nf6 54. Rb8+ Kh7 55. Rb7+ Kg8 56. Rg7+ Kh8) 53. Kf4 Rd6 54. Re7 Nh6 55. Kg5 Ng8 56. Re8 Kh7 57. f3 Rb6 58. Kf4 Rb7 59. Ke5 Ne7 $2 (59... f4 60. Nxf4 Ne7) 60. Kd6 Ng8 61. Kc6 Ra7 62. Kxb5 Nf6 63. Rd8 Re7 64. Ng5+ Kg7 65. Kc6 Re3 66. b5 Ng8 67. b6 Rc3+ 68. Kd6 Rd3+ 69. Kc5 Rc3+ 70. Kd4 Rb3 71. Rd7+ Kf8 72. b7 Ke8 73. Rc7 Ne7 74. Kc4 ({Less strong is} 74. Rc8+ Kd7 $16) 74... Rb1 75. Rc8+ Kd7 76. b8=Q {[%csl Gc8][%cal Rb8c7]} Rc1+ 77. Kd4 {White wants to mate with Rd8+.} Rxc8 78. Qb5+ Rc6 79. Nf7 Ke6 80. Nd8+ {[%mdl 64] Double Attack.  Weighted Error Value: White=0.13/Black=0.34} 1-0

[Event "81st ARM-ch 1st League 2021"]
[Site "Yerevan"]
[Date "2021.01.29"]
[Round "7.1"]
[White "Barseghyan, Armen Ar."]
[Black "Sargsyan, Anna M."]
[Result "1-0"]
[WhiteElo "2362"]
[BlackElo "2402"]
[Annotator "TA"]
[PlyCount "63"]
[EventDate "2021.01.20"]
[EventType "tourn"]
[EventCountry "ARM"]
[SourceTitle "playchess.com"]
[Source "ChessBase"]
[SourceQuality "1"]

{[%evp 10,63,20,-2,29,22,42,47,53,39,39,23,54,27,27,22,26,25,22,22,31,-14,-28,-65,0,8,17,0,0,0,9,7,6,0,5,10,32,27,30,13,72,43,57,53,56,42,55,0,100,92,378,379,556,556,1297,1287]} 1. Nf3 d5 2. g3 c6 3. Bg2 Bg4 4. O-O Nd7 5. h3 Bh5 6. d3 e5 {A07: Réti Opening: New York and Capablanca Systems.} 7. c4 d4 8. e3 dxe3 {White is slightly better.} 9. Bxe3 Ngf6 {[#]} 10. Re1 $146 ({Predecessor:} 10. Nc3 Be7 11. Qd2 O-O 12. g4 Bg6 13. Rad1 Qc7 14. Nh4 Rad8 15. d4 exd4 16. Bxd4 Nxg4 17. hxg4 Bxh4 {1-0 (45) Stefanova,A (2517)-Ushenina,A (2494) Beijing 2014}) 10... Bb4 11. Nc3 (11. Nbd2 {seems wilder.} O-O 12. a3 Be7 13. Qc2 Re8 14. b4) 11... O-O 12. Qb3 Bxf3 13. Bxf3 a5 14. a3 Nc5 15. Bxc5 (15. Qc2 $5 {[%cal Ra3b4]} Qxd3 16. Qxd3 Nxd3 17. axb4 Nxe1 18. Rxe1 axb4 19. Ne2 $11) 15... Bxc5 16. Na4 {[%cal Bc3a4,Ba4b2,Bb2c4,Bc4a5][%mdl 32]} Ba7 (16... Bd4 $1 $15) 17. c5 $11 Qc7 18. Qc3 $36 {[%mdl 2048] White fights for an advantage.} Rfe8 19. b4 axb4 20. axb4 Rad8 21. Nb2 Bb8 22. Nc4 Nd5 23. Qb2 Qd7 24. Bg2 Qf5 (24... h5 $11 {keeps the balance.}) 25. Ra3 {[%cal Ba1a3,Ba3d3,Bd3e3][%mdl 32]} Nf6 26. Na5 Rxd3 {[#]} 27. Qc2 $1 e4 {[#]} 28. Rxe4 $1 {[%mdl 64] Remove Defender} Nxe4 (28... Qxe4 $11 29. Bxe4 Rxa3) 29. Rxd3 $16 {Threatens to win with Bxe4.} Nxg3 {[%mdl 8192]} 30. fxg3 $18 Bxg3 {[#]} (30... Qc8 $142 31. Nc4 g6) 31. Re3 $1 {[%cal Re3e8][%mdl 512]} Qd7 (31... Bh2+ 32. Kh1) 32. Qd3 {Weighted Error Value: White=0.08/Black=0.39} 1-0

[Event "81st ARM-ch 1st League 2021"]
[Site "Yerevan"]
[Date "2021.01.29"]
[Round "7.2"]
[White "Yeremyan, Alen"]
[Black "Babujian, Levon"]
[Result "0-1"]
[WhiteElo "2274"]
[BlackElo "2440"]
[Annotator "TA"]
[PlyCount "86"]
[EventDate "2021.01.20"]
[EventType "tourn"]
[EventCountry "ARM"]
[SourceTitle "playchess.com"]
[Source "ChessBase"]
[SourceQuality "1"]

{[%evp 20,86,12,26,21,5,27,-7,-4,0,0,-15,0,-45,-41,-83,-88,-105,-61,-58,-56,-67,-61,-60,-66,-54,-70,-95,-83,-115,-85,-144,-143,-301,-300,-307,-292,-282,-238,-420,-422,-441,-447,-472,-485,-486,-475,-475,-475,-465,-465,-462,-456,-478,-452,-498,-484,-479,-462,-478,-483,-527,-535,-539,-515,-624,-562,-562,-562]} 1. d4 Nf6 2. c4 e6 3. Nf3 Bb4+ 4. Bd2 c5 5. Nc3 cxd4 6. Nxd4 O-O 7. e3 Nc6 8. Be2 d5 9. cxd5 exd5 10. O-O Nxd4 11. exd4 Be6 {[#] E51: Nimzo-Indian: Rubinstein: 4...0-0 5 Nf3 d5.} 12. Bf3 $146 ({Predecessor:} 12. a3 Bd6 13. Nb5 Bb8 14. Be3 a6 15. Nc3 {½-½ (15) Meduna,E (2450)-Cvetkovic,S (2410) Trnava 1981}) 12... Rc8 13. Ne2 Qb6 {The position is equal.} 14. Bf4 Ne4 15. Qd3 g5 16. Be3 f5 17. a3 Bd6 18. Nc3 Nxc3 19. bxc3 g4 {[%cal Rg4f3]} 20. Be2 Qc7 {Strongly threatening ...f4.} 21. g3 Qxc3 22. Qb5 {[#] Hoping for Rfc1.} Qc6 ({Reject} 22... Bxa3 $6 23. Qxb7 Rfe8 24. Bb5 $14) 23. Qa5 Qc7 $36 {[%mdl 2048] Black has strong initiative.} 24. Qa4 Qc2 25. Qb5 (25. Qxc2 $142 Rxc2 26. Rfe1) 25... a6 $17 26. Qxb7 {Now White is beyond hope.} (26. Qd3 $17) 26... Qxe2 $19 27. Qb6 Rfd8 28. Bg5 Bc7 29. Qa7 (29. Qb7 {was forced.} Re8 30. Rac1) 29... Re8 30. Rac1 {Black is clearly winning.} Bd6 31. Rce1 Qb5 32. Rb1 {[#]} Rc7 $1 33. Qb6 Qxb6 34. Rxb6 Bxa3 35. Rxa6 Bf8 36. Bf4 Rb7 37. Re1 Bf7 38. Be3 Reb8 39. Kg2 Bg7 40. Rd6 Rb6 41. Rd7 Bf6 42. Bf4 R8b7 43. Rxb7 Rxb7 {Weighted Error Value: White=0.31/Black=0.10} 0-1

[Event "81st ARM-ch 1st League 2021"]
[Site "Yerevan"]
[Date "2021.01.29"]
[Round "7.3"]
[White "Shahinyan, David"]
[Black "Davtyan, Artur"]
[Result "1-0"]
[WhiteElo "2452"]
[BlackElo "2466"]
[Annotator "TA"]
[PlyCount "97"]
[EventDate "2021.01.20"]
[EventType "tourn"]
[EventCountry "ARM"]
[SourceTitle "playchess.com"]
[Source "ChessBase"]
[SourceQuality "1"]

{[%evp 16,97,-21,-14,-4,-15,-8,-7,0,-14,-6,-3,-17,-18,0,-14,-14,-21,72,60,55,68,65,62,85,9,27,7,27,18,20,22,13,16,36,19,42,41,220,204,199,204,202,192,169,174,506,475,796,772,971,974,1000,735,990,986,969,953,2962,1288,2053,2721,2944,2768,2159,2084,1976,899,5110,5058,12842,5622,12840,12837,29984,29985,29995,29996,29996,29997,29997,29998,29998,29999]} 1. e4 c5 2. Nc3 Nc6 3. g3 g6 4. Bg2 Bg7 5. d3 d6 6. Be3 Rb8 7. Qd2 b5 {[%cal Bb7b5,Bb5b4][%mdl 32]} 8. f4 b4 9. Nd1 $1 a5 {B26: Closed Sicilian: 3 g3, lines with early Be3.} 10. Nf3 e6 11. O-O Nge7 {The position is equal.} 12. a3 O-O 13. axb4 axb4 14. Qf2 f5 15. e5 dxe5 {[#]} 16. fxe5 $146 ({Predecessor:} 16. Nxe5 Nxe5 17. fxe5 Bxe5 18. Bxc5 Rb5 19. Kh1 Bb7 20. Bxb7 Rxb7 21. d4 Bf6 22. Re1 {1-0 (33) Jurkovic,H (2390)-Cebalo,M (2495) Pula 1996}) 16... c4 (16... Bb7 $11) 17. dxc4 $16 Nxe5 18. Nxe5 Bxe5 19. Re1 Bf6 20. Ra7 (20. Ba7 $16 Rb7 21. Bxb7 Bxb7 22. Qb6 (22. Rxe6 Qd7 $11) 22... Qxb6+ 23. Bxb6) 20... e5 $11 21. Bc5 e4 22. Ne3 Rf7 23. Rd1 Qe8 24. Bd6 $36 {[%mdl 2048] White has good play.} Rb7 25. Ra8 Qc6 26. c5 {And now Bf1 would win.} Kg7 $2 {[#] A mistake that costs the game.} ({Black should try} 26... Rb5 $14 27. Ra4 Rxc5) 27. Bf1 $1 $18 Be6 28. Ra6 Qc8 {[#]} 29. Nc4 $1 Nd5 30. Ne5 {Hoping for c6.} e3 $2 (30... Ra7 {is a better chance.} 31. Nxf7 Rxa6 32. Bxa6 Qxa6) 31. Qf3 Rfc7 (31... b3 $142 32. cxb3 (32. Rxd5 bxc2 33. Ra1 Rxb2 $17) 32... Rxb3 33. Nxf7 (33. Rxd5 e2 $16) 33... e2 34. Qxe2 (34. Qxb3 Ne3 $17 {[%mdl 64] Promotion}) 34... Bxf7) 32. Rxd5 Bxd5 33. Qxd5 Re7 34. c6 Ra7 35. Rxa7 Rxa7 36. Nd7 Ra1 37. Nxf6 (37. Qe6 $142 Bd4 38. Be5+ Bxe5 39. Qxe5+ {[%mdl 64] Double Attack} Kh6 40. Qxe3+ Kg7 41. Qe7+ Kh6 42. Nf8) 37... e2 {[#]} 38. Nh5+ $1 gxh5 39. Qe5+ {[%mdl 64] Double Attack} Kf7 40. Qe7+ Kg6 41. Qxe2 Qg8 42. c7 h6 43. Bf4 (43. Bxb4 $142 h4 44. gxh4) 43... h4 44. Qd3 {Intending Qd6+ and mate.} Qa8 45. Qd6+ {[%mdl 64] Double Attack. White mates.} Kh5 46. Qxh6+ Kg4 47. Qxh4+ Kf3 48. Qh5+ {[%mdl 64] Double Attack} Ke4 49. Qe2+ {Weighted Error Value: White=0.09/Black=0.70} 1-0

[Event "81st ARM-ch 1st League 2021"]
[Site "Yerevan"]
[Date "2021.01.29"]
[Round "7.4"]
[White "Harutyunian, Tigran K."]
[Black "Mikaelyan, Arman"]
[Result "1-0"]
[WhiteElo "2549"]
[BlackElo "2485"]
[Annotator "TA"]
[PlyCount "133"]
[EventDate "2021.01.20"]
[EventType "tourn"]
[EventCountry "ARM"]
[SourceTitle "playchess.com"]
[Source "ChessBase"]
[SourceQuality "1"]

{[%evp 24,133,5,0,31,-8,35,31,20,31,32,29,41,21,17,18,14,0,0,0,28,27,27,14,65,68,64,36,56,70,69,58,62,61,62,41,45,39,32,38,68,59,85,76,91,81,238,242,225,158,167,167,154,164,127,143,158,147,155,154,157,156,156,150,158,144,127,129,407,406,411,427,419,365,350,343,719,720,709,700,670,589,1565,1320,2528,4817,2543,4864,4553,4660,1899,1796,4875,2723,2182,2077,29948,2308,29942,2260,2122,1796,1604,881,12836,5591,29971,29972,29969,29970,29969,29970]} 1. d4 d5 2. Nf3 Nf6 3. c4 c6 4. Nc3 dxc4 5. a4 Bf5 6. e3 e6 7. Bxc4 Bb4 8. O-O Nbd7 9. Qe2 Bg6 10. e4 Bxc3 11. bxc3 Nxe4 12. Ba3 Qc7 13. Rfc1 a6 {D18: Slav Defence: 5 a4 Bf5 6 e3.} 14. Nh4 {[#]} (14. Ne5 $5) 14... Ndf6 $146 (14... Nef6 {is more complex.} 15. Re1 O-O-O 16. Nf3 Kb8 17. Rac1 Nd5) ({Predecessor:} 14... Nef6 15. a5 c5 16. Qe3 O-O 17. Nxg6 hxg6 18. Be2 Nd5 19. Qd2 Rfd8 20. Bf3 Qxa5 21. Bxc5 {1-0 (63) Arvola,B (2458)-Bartholomew,J (2449) Fornebu 2017}) 15. f3 Nd6 {White is slightly better.} 16. Bxe6 O-O {Strongly threatening ...Rae8.} 17. Nxg6 hxg6 {[#]} 18. Qe5 $1 Rad8 {And now ...Rfe8 would win.} 19. Ba2 Rfe8 20. Qg3 Nh5 21. Qg5 b5 22. Re1 Nc4 23. Be7 Rd5 (23... Rb8 $11) 24. Qh4 $14 Qf4 25. Re4 Qd2 {...f5 is the strong threat.} 26. Qe1 $1 {[%cal Re1d2]} Qxe1+ 27. Raxe1 f5 28. Re6 {[%mdl 64] Double Attack} Kf7 $1 29. Rxc6 {aiming for Rc7.} Rxe7 30. Rxe7+ Kxe7 31. Rxa6 {Threatens to win with axb5.} Rd7 32. axb5 Nd6 {[#]} 33. b6 {[%mdl 1024] White has strong compensation.} Nf4 34. Kf2 Nd3+ $2 (34... Nb7 $16 {keeps fighting.}) 35. Ke3 $18 Nb2 36. Bd5 Ndc4+ 37. Bxc4 {[%mdl 64] Overworked Piece} Nxc4+ {[%mdl 4096] Endgame KRN-KR} 38. Kd3 Ne5+ {[#]} 39. Kc2 $1 Nc6 40. b7 $1 Nb8 41. Rxg6 Kd8 42. Rb6 Kc7 43. Rb5 g6 44. Kd3 Re7 45. h4 Nc6 $2 {[%mdl 8192]} (45... Re1 $16 46. h5 gxh5) 46. d5 Nb8 47. c4 {[%cal Bc3c4,Bc4c5,Bc5c6][%mdl 32]} Re1 48. c5 Rd1+ 49. Kc4 Rd2 $2 (49... Ra1 50. Kd4 Rh1) 50. g3 Rg2 51. c6 Kd6 52. Ra5 Rc2+ 53. Kd3 Rb2 54. Ra8 Kc7 55. d6+ Kxd6 56. Rxb8 {Threatening mate with Rd8+.} Kxc6 {KR-KR} 57. Rg8 Rxb7 58. Rxg6+ Kd5 59. Ke3 Ke5 60. f4+ Kd5 61. h5 (61. Rf6 $142 Rb3+ 62. Kf2 Ke4 63. Re6+ Kd5 64. Re5+ Kd6 65. h5 Rb8 66. Rxf5) 61... Rb3+ 62. Kf2 Rb2+ 63. Kf3 Rb3+ 64. Kg2 Rb2+ 65. Kh3 {White mates.} Ke4 66. h6 Kf3 67. Kh4 {Weighted Error Value: White=0.06/Black=0.39} 1-0

[Event "81st ARM-ch 1st League 2021"]
[Site "Yerevan"]
[Date "2021.01.29"]
[Round "7.5"]
[White "Melkonyan, Arshak"]
[Black "Danielyan, Vahe"]
[Result "1-0"]
[WhiteElo "2079"]
[BlackElo "2357"]
[Annotator "TA"]
[PlyCount "83"]
[EventDate "2021.01.20"]
[EventType "tourn"]
[EventCountry "ARM"]
[SourceTitle "playchess.com"]
[Source "ChessBase"]
[SourceQuality "1"]

{[%evp 14,83,45,45,56,46,84,37,50,38,36,0,84,58,177,172,156,89,78,87,79,64,78,28,53,28,74,26,29,37,163,68,65,57,65,52,52,35,44,19,66,37,85,85,95,89,86,83,170,91,166,77,198,197,206,213,196,125,125,130,809,797,665,613,539,548,477,384,390,390,390,371]} 1. d4 Nf6 2. Nf3 g6 3. g3 Bg7 4. c4 O-O 5. Bg2 d6 6. Nc3 Nc6 7. O-O Nd7 8. Be3 e5 {E62: King's Indian: Fianchetto: 6...c6 and Panno Variation (6...Nc6) without ...a6.} 9. Qd2 Re8 10. dxe5 Ndxe5 {White is slightly better.} 11. Nxe5 Nxe5 12. b3 {[#]} (12. Bg5 $5 {[%cal Rg5d8]} f6 13. Bf4 $11) 12... a5 $146 (12... Ng4 $1 $11) ({Predecessor:} 12... Ng4 13. Bd4 Bh6 14. f4 c5 15. Bf2 Bg7 16. Rad1 Nxf2 17. Kxf2 Rb8 18. Ne4 Bf5 {1-0 (55) Jirovsky,M (2410)-Meszaros,L Ceske Budejovice 1994}) 13. Bg5 Bf6 (13... f6 $14 14. Bf4 Rb8) 14. Bxf6 $18 Qxf6 15. Nd5 (15. f4 $142 {aiming for Nd5.} Nd7 16. f5) 15... Qd8 $16 16. Rad1 Bd7 17. Qd4 Bc6 18. Nc3 Qe7 19. Rfe1 h5 20. h3 a4 21. b4 Qe6 {[#]} (21... Bxg2 $14 22. Kxg2 Nc6) 22. Nd5 (22. e4 $1 $18) 22... Bxd5 $14 23. cxd5 Qe7 24. Rc1 b5 25. f4 Nc4 26. e4 {next Bf1 is good for White.} h4 27. g4 g5 28. Bf1 gxf4 29. Bxc4 bxc4 30. Rxc4 a3 (30... Qg5 $16) 31. Rec1 (31. Kg2 $18) 31... f3 (31... Qg5 $16) 32. Kf2 (32. Rxc7 Qxe4 33. Qxe4 Rxe4 $11) (32. Qe3 $18 {is more deadly.}) 32... Qg5 (32... c5 $16 33. bxc5 dxc5 34. Qxc5 Qe5) 33. Kxf3 $18 Re5 {intending ...Rae8.} 34. Qe3 {[#] Black must now prevent Qxg5+.} ({Don't play} 34. Rxc7 $6 Qf6+ 35. Ke3 Kg7 $16) 34... Qg6 35. Rxc7 (35. Qf4 $18) 35... Rae8 $16 {[%cal Re5e4]} 36. Rc8 {Rxe8+ is the strong threat.} Kh7 $2 {[%mdl 8192]} (36... Qf6+ $16 37. Kg2 Kg7 38. Rxe8 (38. Qxa3 Rxc8 39. Rxc8 Rxe4 $14) 38... Rxe8) 37. Rxe8 $18 Rxe8 38. Rc7 Rb8 39. Qd4 Kg8 40. b5 {And now b6 would win.} Qg7 41. Qxg7+ Kxg7 42. Ra7 {Weighted Error Value: White=0.30/Black=0.41} 1-0

[Event "81st ARM-ch 1st League 2021"]
[Site "Yerevan"]
[Date "2021.01.29"]
[Round "7.6"]
[White "Vardanian, Haik G."]
[Black "Hayrapetyan, Hovik"]
[Result "0-1"]
[WhiteElo "2389"]
[BlackElo "2488"]
[Annotator "TA"]
[PlyCount "168"]
[EventDate "2021.01.20"]
[EventType "tourn"]
[EventCountry "ARM"]
[SourceTitle "playchess.com"]
[Source "ChessBase"]
[SourceQuality "1"]

{[%evp 9,168,4,30,45,32,20,67,66,58,49,57,23,37,31,33,14,14,14,25,21,61,48,72,57,70,62,65,59,60,63,62,70,93,67,69,35,23,37,81,49,58,52,53,50,54,59,89,124,110,87,245,222,237,167,154,74,73,69,65,75,262,0,0,0,0,0,0,0,0,0,0,0,0,0,0,0,0,0,0,0,0,0,0,0,0,0,0,0,0,0,0,0,0,0,0,0,0,0,0,0,0,0,0,-8,0,-8,0,0,0,0,0,0,0,0,0,0,0,0,0,0,0,0,0,0,0,0,0,0,0,0,0,0,0,0,0,0,0,0,0,-29939,-29961,-29957,-29957,-29937,-12332,-5097,-5097,-29966,-29968,-29968,-29965,-29978,-29979,-29979,-29979,-29979,-29979,-29982,-29982,-29984,-29983]} 1. d4 Nf6 2. c4 e6 3. Nf3 d5 4. Nc3 dxc4 5. Bg5 h6 6. Bxf6 {D24: Queen's Gambit Accepted: 3 Nf3 Nf6 4 Nc3.} Qxf6 7. e4 {[#]} g6 $146 ({Predecessor:} 7... Bb4 8. Bxc4 c5 9. O-O Bxc3 10. bxc3 cxd4 11. cxd4 O-O 12. Qd3 Nc6 13. e5 Qe7 14. Qe4 Rd8 15. Bd3 g6 16. Rad1 Bd7 {1-0 (29) Lettieri,G (2431)-Fernandez Diaz,C (2303) Barcelona 2019}) 8. Bxc4 {White is slightly better.} Bg7 9. Qe2 O-O 10. h4 c5 11. e5 Qf4 12. h5 g5 $1 {[%cal Rg5g4]} ({But not} 12... cxd4 $2 13. Rh4 $1 $18) 13. g3 Qg4 14. O-O-O Nc6 {[%cal Rc5d4]} 15. dxc5 Nxe5 16. Nxe5 Qxe2 17. Bxe2 {f4 is the strong threat.} Bxe5 18. Bf3 Bxc3 19. bxc3 a5 20. Kb2 Ra6 21. c4 e5 22. Rd6 Rxd6 $1 23. cxd6 $14 {[%mdl 4096] Endgame KRB-KRB} b6 24. Bc6 Be6 25. Kc3 Rd8 26. d7 Kf8 $1 ({Not} 26... Bxd7 $2 27. Rd1 $1 $18) 27. Rb1 Bxd7 28. Bxd7 Rxd7 29. Rxb6 {KR-KR} Rd1 $2 (29... e4 $16) 30. Rxh6 $18 Rf1 31. Rf6 Ke7 32. Rf3 ({Better is} 32. Ra6 $1) 32... g4 $16 33. Re3 Kd6 34. Re2 Rh1 $2 (34... f6 $16) 35. Rd2+ $2 (35. c5+ $1 $18 Ke6 36. Kc4) 35... Kc6 $11 36. Rd5 Rxh5 37. Kd3 Rf5 38. Ke2 a4 39. Ra5 Rf3 40. Rxa4 Kc5 41. Ra5+ Kd4 $1 42. Rd5+ Ke4 $1 43. Ra5 Rc3 44. c5 Rc2+ 45. Kf1 f5 46. Kg2 f4 47. gxf4 exf4 48. Ra4+ $1 Kf5 {White must now prevent ...g3.} 49. Kg1 Rxc5 50. Rb4 Rc1+ 51. Kg2 Rc2 52. Rb5+ Kf6 {Threatens to win with ...g3.} (52... Ke4 {feels hotter.} 53. Rb4+ Ke5 54. Rb5+ Kd4 55. Rb4+ Rc4) 53. Kg1 Rxa2 54. Rc5 $1 Re2 55. Ra5 Re5 (55... Re7 {seems wilder.} 56. Ra8 Rf7 57. Ra6+ Ke5 58. Ra5+ Kd6) 56. Ra8 Re2 57. Ra5 f3 (57... Rd2 {feels hotter.} 58. Ra6+) 58. Rb5 Re5 (58... Re8 {feels hotter.} 59. Kh2 Re4 60. Kg3 Ra4 61. Rb6+ Kg5) 59. Rb8 Kf5 60. Rf8+ $1 Kg5 61. Kh2 Rf5 (61... Ra5 {seems wilder.} 62. Rc8 Ra4 63. Rg8+ Kh5 64. Rg7 Kh6) 62. Ra8 Kh4 63. Rh8+ (63. Rg8 {looks sharper.} Rh5 64. Rg7 Rh6 65. Rg8 Rh7 66. Kh1) 63... Rh5 64. Rg8 Rh6 65. Rg7 $1 Rh8 66. Rg6 Rd8 67. Rg7 $1 Rd1 (67... Rd5 {is interesting.} 68. Rc7 Rh5 69. Rg7 Rh6 70. Kg1 Kh3) 68. Rh7+ Kg5 69. Rg7+ Kf5 (69... Kh5 {is more complex.} 70. Kg3 Rf1 71. Rg8 Rd1 72. Rh8+ Kg5) 70. Rf7+ Ke4 (70... Kg6 {keeps more tension.} 71. Rf4 Kh5 72. Ra4 Kg5 73. Re4 Kh4) 71. Re7+ Kd3 72. Kg3 {aiming for Rd7+.} Rg1+ 73. Kf4 Kd2 74. Ra7 $2 {[%mdl 8192]} (74. Re3 $11) 74... Ke2 75. Ra2+ {[#]} Kf1 $1 76. Rb2 Rg2 77. Ke3 {[#]} Kg1 $1 78. Ra2 g3 {Black mates.} 79. Ra1+ Kh2 80. Kxf3 Rxf2+ 81. Ke3 Rf7 82. Ra8 Rh7 83. Ra1 g2 84. Ra2 Kh1 {Never resign too early!  Weighted Error Value: White=0.11/Black=0.13} 0-1

[Event "81st ARM-ch 1st League 2021"]
[Site "Yerevan"]
[Date "2021.01.29"]
[Round "7.7"]
[White "Ohanyan, Emin"]
[Black "Gharibyan, Mamikon"]
[Result "1/2-1/2"]
[WhiteElo "2255"]
[BlackElo "2432"]
[Annotator "TA"]
[PlyCount "123"]
[EventDate "2021.01.20"]
[EventType "tourn"]
[EventCountry "ARM"]
[SourceTitle "playchess.com"]
[Source "ChessBase"]
[SourceQuality "1"]

{[%evp 9,123,53,60,31,30,26,37,25,35,8,8,10,12,10,25,2,18,8,14,-8,-19,-18,-23,-23,-5,-16,-16,-18,-18,-9,-8,-22,-22,-26,0,-14,0,-19,0,0,0,-10,-10,-24,-9,-38,-38,-38,-37,-37,-38,-41,-38,-50,-38,-38,-31,-45,-45,-44,-9,-45,-38,-38,-39,-51,-51,-66,-59,-59,-59,-66,-66,-66,-66,-70,-70,-70,-66,-70,-66,-70,-70,-70,-70,-70,-70,-85,-70,-107,-70,-70,-70,-70,-70,-70,-66,-70,-70,-70,-66,-70,-70,-77,0,-52,-52,-52,-52,-52,-52,-52,-52,-52,0,-52]} 1. e4 c5 2. Nf3 Nc6 3. Nc3 e5 4. Bc4 g6 5. d3 h6 $1 6. Nd2 {B30: Sicilian: 2...Nc6 3 Bb5, lines without ...g6.} Bg7 7. Nf1 d6 8. Ne3 {White is slightly better.} Nge7 9. O-O O-O 10. Ned5 Nxd5 11. Nxd5 Kh7 {[#]} 12. Be3 $146 ({Predecessor:} 12. c3 f5 13. f4 a6 14. a4 Rb8 15. Bb3 Na5 16. Bc2 Be6 17. Be3 b6 18. Qe2 {1-0 (41) Girya,O (2338)-Ivanenko,O (2125) Kemer 2007}) 12... Na5 13. a3 f5 14. f3 f4 15. Bf2 Nxc4 16. dxc4 g5 17. Kh1 h5 18. Qe1 Be6 19. Rd1 Rf7 20. Rd3 b6 21. b3 Qd7 22. Qd2 Bf8 23. Be1 Bxd5 24. Rxd5 Qe6 25. Rd3 Be7 26. Qe2 Rg8 27. Rg1 g4 28. a4 a5 29. Qf1 Rg6 30. Qe2 Rfg7 31. Qf1 Rh6 32. Qe2 Qg6 33. Rc3 Kg8 34. Rd3 Qg5 35. Qf1 Rhg6 36. Qe2 Qf6 37. Qf1 Qe6 38. Qe2 Kf8 39. Qf1 Ke8 40. Qe2 Rg8 41. Qf1 Kd7 42. Qe2 Kc7 43. Qf1 R6g7 44. Qe2 Qg6 45. Rc3 Bf6 46. Rd3 Qf7 47. Qf1 Qe7 48. Qe2 Rg6 49. Rc3 Qe6 50. Rd3 Bg5 51. Rc3 Be7 52. Rd3 R6g7 53. Rc3 Rh7 54. Rd3 Qg6 55. Rc3 Rhg7 56. Rd3 Qe6 57. Rc3 $1 h4 58. fxg4 Rxg4 59. h3 R4g6 60. Rf3 R6g7 61. Qf1 Rg6 62. Qe2 $1 {Weighted Error Value: White=0.07/Black=0.06} 1/2-1/2